| 000 | 00704nam a2200253Ia 4500 | ||
|---|---|---|---|
| 003 | OSt | ||
| 005 | 20220928105802.0 | ||
| 006 | a|||||r|||| 00| 0 | ||
| 007 | ta | ||
| 008 | 220927b |||||||| |||| 00| 0 eng d | ||
| 020 | _cIndian Rupees 130 | ||
| 024 | _a143865 | ||
| 037 |
_bGift, 04/02/2021, _cTextual |
||
| 040 |
_aSDCL _cSDCL _beng |
||
| 041 |
_2eng _aeng |
||
| 082 | _aDelta, R0 | ||
| 100 |
_aVijay Archarya _9416775 |
||
| 245 | 0 | _aSucharitram | |
| 260 |
_aRajasthan _bShri A.B.S. Shantkranti Jain Shravak Sangh _c2020 |
||
| 300 |
_a390p. _ccm. |
||
| 650 |
_aGift _9391569 |
||
| 942 |
_hDelta, R0 _cTEXL _2CC |
||
| 999 |
_c732717 _d732717 |
||